[Event "Alella op 5th"]
[Site "Alella"]
[Date "2008.08.18"]
[Round "3"]
[White "Vives Cabau, Jordi"]
[Black "Gardela Batlle, Jordi"]
[Result "0-1"]
[WhiteElo "1989"]
[BlackElo "2184"]
[PlyCount "102"]
[EventDate "2008.08.16"]
[EventType "swiss"]
[EventRounds "9"]
[EventCountry "ESP"]
[SourceTitle "EXT 2009"]
[Source "ChessBase"]
[SourceDate "2008.11.26"]
[SourceVersion "1"]
[SourceVersionDate "2008.11.26"]
[SourceQuality "1"]

1. e4 c5 2. d4 cxd4 3. c3 dxc3 4. Nxc3 e6 5. Nf3 Nc6 6. Bc4 Qc7 7. Qe2 Nf6 8. e5 d5 9. exf6 dxc4 10. fxg7 Bxg7 11. Qxc4 a6 12. 0-0 b5 13. Qc5 Bf8 14. Qh5 Bb7 15. Bg5 Be7 16. Ne4 Ne5 17. Bxe7 Nxf3+ 18. Qxf3 Qxe7 19. Nd6+ Qxd6 20. Qxb7 0-0 21. Rfd1 Qe5 22. b3 a5 23. Re1 Qf5 24. Rac1 a4 25. b4 Rab8 26. Qc7 Rbd8 27. Rc5 Rd5 28. h3 Qd3 29. Re3 Qd1+ 30. Kh2 Rfd8 31. Rg3+ Kf8 32. Qb6 Qd2 33. Rxb5 Qxa2 34. Ra5 Qc2 35. Rxd5 Rxd5 36. Qb8+ Ke7 37. Qa7+ Rd7 38. Qe3 Qf5 39. Rf3 Qd5 40. Qa3 Qe5+ 41. g3 Qb5 42. Qc3 e5 43. Re3 f6 44. Re4 Qb6 45. Kg2 Rd4 46. Kf3 Kd6 47. Qc8 Qc6 48. Qf8+ Kc7 49. Qg7+ Kb6 50. Qxh7 a3 51. b5 Kxb5 0-1

[Event "Alella op 5th"]
[Site "Alella"]
[Date "2008.08.16"]
[Round "1"]
[White "Barroso Quinones, Antonio"]
[Black "Gardela Batlle, Jordi"]
[Result "1-0"]
[WhiteElo "1869"]
[BlackElo "2184"]
[PlyCount "109"]
[EventDate "2008.08.16"]
[EventType "swiss"]
[EventRounds "9"]
[EventCountry "ESP"]
[SourceTitle "EXT 2009"]
[Source "ChessBase"]
[SourceDate "2008.11.26"]
[SourceVersion "1"]
[SourceVersionDate "2008.11.26"]
[SourceQuality "1"]

1. d4 d5 2. c4 c6 3. Nc3 dxc4 4. e3 e5 5. Bxc4 exd4 6. Qxd4 Qxd4 7. exd4 Nf6 8. Bg5 Nbd7 9. 0-0-0 Bb4 10. Re1+ Kf8 11. Nf3 h6 12. Bxf6 Nxf6 13. Ne5 Nd5 14. Nxd5 cxd5 15. Bxd5 Bxe1 16. Rxe1 Rh7 17. Nxf7 g6 18. Nd6 Bg4 19. Nxb7 Rd7 20. Re5 Re8 21. Rxe8+ Kxe8 22. Bc6 Ke7 23. Bxd7 Bxd7 24. Nc5 Bc6 25. f3 g5 26. Kd2 g4 27. fxg4 Bxg2 28. Ke3 Bd5 29. a3 Kd6 30. Ne4+ Ke6 31. b4 Bc6 32. a4 Kd5 33. b5 Bb7 34. h4 Bc8 35. g5 hxg5 36. hxg5 Bf5 37. Ng3 Bc2 38. a5 Ba4 39. b6 axb6 40. axb6 Kc6 41. g6 Kxb6 42. Ne4 Kc7 43. Kf4 Bb3 44. Ke5 Kd8 45. Kf6 Kc7 46. Ng5 Kd7 47. g7 Bg8 48. Nf7 Bh7 49. Nh6 Kd6 50. Nf5+ Kd5 51. Kg5 Ke4 52. Kh6 Bg8 53. Ne7 Bf7 54. d5 Ke5 55. Kg5 1-0